New Zealand official yearbook 1984 annual ed. 89

Na minha lista:
Detalhes bibliográficos
Formato: Livro
Idioma:inglês
Publicado em: Wellington Department of Statistics 1984
Tags: Adicionar Tag
Sem tags, seja o primeiro a adicionar uma tag!

MARC

LEADER 00000nam a2200000 4500
001 c109507
005 20260327115852.3
041 0 |a eng 
044 |a NZ 
245 1 0 |a New Zealand official yearbook 1984  |b annual ed. 89 
264 1 |a Wellington  |b Department of Statistics  |c 1984 
300 |a 1054 s.